000
00291 a2200121 4500
001
32185
020
_a
9780340705889
090
_c
21629
_d
21629
100
_a
Megson, THG
245
_a
Aircraft Structures for engineering Students, 3/e
250
_a
3
260
_a
London
_b
Arnold
_c
1999
942
_a
NUST-CAE
_k
629.1341 MEG
999
_c
267258
_d
267258